| 000 | 00389nam a2200157Ia 4500 | ||
|---|---|---|---|
| 008 | 230718s9999 xx 000 0 und d | ||
| 041 | _aeng | ||
| 082 |
_a654 _bPAN |
||
| 100 |
_aPandey B.N. _9127197 |
||
| 245 | _aBook Of India | ||
| 260 |
_c2001 _bHarper Collings |
||
| 300 | _a740 | ||
| 365 |
_cRs. _b195.00 |
||
| 700 |
_aPandey B.N. _9127197 |
||
| 906 |
_dB:173109-Nov-2001 _cOTH _b29.25 |
||
| 999 |
_c302199 _d302199 |
||